Entry Personal Name
Number of records used in: 1
001 - CONTROL NUMBER
003 - CONTROL NUMBER IDENTIFIER
005 - DATE AND TIME OF LATEST TRANSACTION
- control field:
20160517142111.0
008 - FIXED-LENGTH DATA ELEMENTS
- fixed length control field:
160517|| aca||aabn | a|a d
040 ## - CATALOGING SOURCE
- Original cataloging agency:
OSt
- Transcribing agency:
OSt
100 ## - HEADING--PERSONAL NAME
- Personal name:
Stephen P. Robbins
670 ## - SOURCE DATA FOUND
- Source citation:
Work cat.: (OSt): Stephen P. Robbins, Organization Theory, Structure, Design and Applications, 2003